00399pam a2200133a 44500008004100000041000800041100001300049245002900062250001000091260004300101300001000144440009400154650001700248230405s2005 xxu||||| |||| 00| 0 eng d aENG aJay, J M aModern Food Microbiology a4 Ed. aNEW DELHIbCbs Pub &DISTRIBUTORSc2005 a701p. aSource= Bharati Madhyavarti Sahakari Grahak Bhandar, Pune (Best Book Suppliers, Kolhapur) aMICROBIOLOGY